000 00384cam a22001337a 4500
008 180718b1984 xxu||||| |||| 00| 0 eng d
082 _aY15x54 R137L
245 _aLand reforms in India
_cedited by A.R. Rajapurohit
260 _aNew Delhi
_bAshish
_c1984
300 _a216p.
650 _aLand tenure - India - Karnataka
650 _aLand tenure - India
700 _aRajapurohit, A.R.
999 _c352151
_d352151